00250 a2200121 4500001000700000020001800007040001100025100001900036240003100055245002600086300000700112362000900119170003 a0-435-27337-X cMagnum aBell, Florence10aThe mill on the flosslING10aThe mill on the floss a630 a1997